000
00262nam a2200109Ia 4500
008
190911s9999||||xx |||||||||||||| ||und||
100
_a
Oystaeyen,F.Van
245
0
_a
Relative Invariants Of Rings
260
_a
USA
_b
Mc Graw Hill
_c
1984
300
_a
286
942
_c
BK
999
_c
6799
_d
6799